Statistics for German Empire before World War One

Click here to take the quiz!

General Stats

  • This quiz has been taken 116 times
    (72 since last reset)
  • The average score is 6 of 11

Answer Stats

DescriptionAnswer% Correct
Area in AfricaGerman East Africa
91%
Area in AfricaKamerun
88%
Area in AfricaGerman South West Africa
82%
Area in AfricaTogo
81%
Area in the PacificKaiser Wilhelm's Land
67%
Group of IslandsCaroline Islands
61%
Port in ChinaTsingtao
60%
Group of IslandsMarshall Islands
46%
Concession in ChinaTianjin
35%
Concession in ChinaHankou
11%
Port in ChinaAmoy
4%

Score Distribution

Percentile by Number Answered

Percent of People with Each Score

Your Score History

You have not taken this quiz since the last reset